Dekodery Polsatu Box (1999-2024) - Statystyki

Ogólne statystyki
  • Ten quiz został rozwiązany 6 razy
  • Średni wynik to 6 z 38
Statystyki odpowiedzi
Rok wyjścia Dekoder % Poprawnych
2018 Evobox HD
75%
2018 Evobox Lite
75%
2019 Evobox IP
50%
2015 Evobox PVR
50%
2019 Evobox Stream
50%
2021 Polsat Box 4K
50%
2021 Polsat Box 4K Lite
50%
2008 Mini
25%
2024 Polsat Soundbox 4K
25%
2000 Sagem ISD4275
25%
2000 Samsung DSR-7000
25%
2001 Thomson DSI 30 PO
25%
2001 Thomson DSI 50 PO
25%
2004 Echostar DSB-606
0%
2005 Echostar DSB-616
0%
2008 Echostar DSB-7100HD
0%
2006 Echostar DSB-717
0%
2009 Echostar DSB-7200HD
0%
2009 Echostar DVR-7400HD
0%
2006 Echostar DVR-747
0%
2010 Echostar HDS-400E
0%
2009 Familijny CP2
0%
2009 Familijny D2
0%
2010 Familiny F300
0%
2012 HD3000
0%
2010 HD5000
0%
2014 HD5500s
0%
2012 HD6000
0%
2010 M100
0%
2011 Mini HD2000
0%
2014 PVR HD7000
0%
2010 Sagemcom ESI-88
0%
1999 Sagem ISD3275
0%
2007 Samsung DSB-H370G
0%
2006 Samsung DSB-S305G
0%
2012 T-HD1000
0%
2012 T-HD200
0%
2013 T-HD210
0%
Nie znaleziono quizów pasujących do podanych kryteriów
Rozkład punktacji
Procent ludzi z każdym wynikiem
Percentyl według liczby udzielonych odpowiedzi
Twoja historia wyników
Nie rozwiązałeś tego quizu